[Event "Turkey Cup 2019"]
[Site "Belek"]
[Date "2019.02.02"]
[Round "10.83"]
[White "Turan, Fatih"]
[Black "Hasanoglu, Hakan"]
[Result "0-1"]
[WhiteElo "1251"]
[BlackElo "1646"]
[Annotator "NA RC"]
[PlyCount "142"]
[EventDate "2019.01.27"]
[EventType "swiss"]
[EventCountry "TUR"]
[SourceTitle "playchess.com"]
[Source "ChessBase"]
[SourceQuality "1"]

1. e4 c5 2. Nf3 d6 3. d4 cxd4 4. Nxd4 Nf6 5. Nc3 a6 6. Bg5 e6 7. f4 h6 8. Bh4 Qb6 9. Rb1 Nc6 10. Nxc6 bxc6 11. Bf2 Qc7 12. Bd3 Be7 13. O-O O-O 14. Qe2 e5 15. fxe5 dxe5 16. h3 Bb7 17. Na4 c5 18. c4 Rad8 19. Nc3 Qd6 20. Nd5 Nxd5 21. exd5 f5 22. Bg3 f4 23. Qe4 g6 24. Be1 Rf5 25. g4 Rf7 26. Bc3 Bf6 27. Qxg6+ Bg7 28. Qh7+ Kf8 29. Rbe1 f3 30. Qe4 Rf4 31. Rxf3 Rxf3 32. Qxf3+ Kg8 33. Qe4 Rd7 34. Qh7+ Kf8 35. Bf5 e4 36. Rxe4 Qg3+ 37. Kf1 Qf3+ 38. Ke1 Bxc3+ 39. bxc3 Rxh7 40. Bxh7 Qxc3+ 41. Ke2 Qxh3 42. Bf5 Qg2+ 43. Ke3 Qxa2 44. Kf4 Qf2+ 45. Ke5 Qg3+ 46. Kf6 Qh4+ 47. Ke5 Qe7+ 48. Kf4 Qd6+ 49. Kf3 Qf6 50. Rf4 Qc3+ 51. Kf2 Qd2+ 52. Kf3 Kg7 53. Be6 Qd3+ 54. Kf2 Qg6 55. Bf5 Qg5 56. Kf3 a5 57. Bc2 Qe5 58. Bf5 Qc3+ 59. Kf2 a4 60. Be6 Qd2+ 61. Kf3 Qxf4+ 62. Kxf4 a3 63. d6 Bc6 64. d7 Bxd7 65. Bxd7 a2 66. Be6 a1=Q 67. Bd5 Qd4+ 68. Kf5 Qf6+ 69. Ke4 Kg6 70. Ke3 Kg5 71. Bf3 Qd4+ 0-1

[Event "Turkey Cup 2019"]
[Site "Belek"]
[Date "2019.02.02"]
[Round "10.84"]
[White "Kalinoglu, Yagiz"]
[Black "Tolon, Adman Devran"]
[Result "0-1"]
[WhiteElo "1253"]
[BlackElo "1761"]
[Annotator "NA RC"]
[PlyCount "74"]
[EventDate "2019.01.27"]
[EventType "swiss"]
[EventCountry "TUR"]
[SourceTitle "playchess.com"]
[Source "ChessBase"]
[SourceQuality "1"]

1. e4 c5 2. Nf3 d6 3. Bb5+ Nd7 4. d4 cxd4 5. Qxd4 a6 6. Bxd7+ Qxd7 7. c4 e5 8. Qd3 f5 9. exf5 Qxf5 10. Qxf5 Bxf5 11. Nc3 Rc8 12. Nd2 Nf6 13. b3 d5 14. Bb2 d4 15. Ne2 Bc5 16. O-O Bd3 17. Rfe1 O-O 18. Ng3 Rce8 19. f3 Bb4 20. Red1 Bc2 21. Rdc1 Bxd2 22. Rxc2 Be3+ 23. Kh1 d3 24. Nf1 dxc2 25. Nxe3 e4 26. fxe4 Nxe4 27. Nxc2 Nf2+ 28. Kg1 Re2 29. Ba3 Rd8 30. Nb4 Rdd2 31. Nd5 Nd3 32. Bb4 Rxg2+ 33. Kh1 Rxh2+ 34. Kg1 Rdg2+ 35. Kf1 Rf2+ 36. Kg1 Ne5 37. Ne7+ Kf7 0-1

[Event "Turkey Cup 2019"]
[Site "Belek"]
[Date "2019.02.02"]
[Round "10.85"]
[White "Bek, Emir"]
[Black "Arslan, Tayfun"]
[Result "1-0"]
[WhiteElo "1844"]
[BlackElo "1398"]
[Annotator "NA RC"]
[PlyCount "55"]
[EventDate "2019.01.27"]
[EventType "swiss"]
[EventCountry "TUR"]
[SourceTitle "playchess.com"]
[Source "ChessBase"]
[SourceQuality "1"]

1. d4 Nf6 2. c4 e6 3. Nf3 d5 4. Nc3 c5 5. Bg5 cxd4 6. Nxd4 Be7 7. e3 Nc6 8. cxd5 Nxd5 9. Nxc6 bxc6 10. Bxe7 Qxe7 11. Rc1 Bb7 12. Be2 O-O 13. O-O Rfd8 14. Qa4 Qg5 15. Ne4 Qe7 16. Nc5 Nb6 17. Qa5 Rdc8 18. Nxb7 Qxb7 19. Ba6 Qe7 20. Bxc8 Rxc8 21. Rfd1 h6 22. Rd2 Kh7 23. b3 Nd5 24. Qa6 Qc7 25. a3 Rd8 26. Qxc6 Qe5 27. Qc2+ g6 28. e4 1-0

[Event "Turkey Cup 2019"]
[Site "Belek"]
[Date "2019.02.02"]
[Round "10.86"]
[White "Onem, Cem"]
[Black "Yildirim, Kemal"]
[Result "0-1"]
[WhiteElo "1840"]
[BlackElo "1669"]
[Annotator "NA"]
[PlyCount "94"]
[EventDate "2019.01.27"]
[EventType "swiss"]
[EventCountry "TUR"]
[SourceTitle "playchess.com"]
[Source "ChessBase"]
[SourceQuality "1"]

1. d4 Nf6 2. c4 e6 3. Nc3 Bb4 4. Qc2 d5 5. cxd5 Qxd5 6. Nf3 Qf5 7. Qxf5 exf5 8. Bd2 c6 9. e3 O-O 10. Bd3 g6 11. O-O Nbd7 12. Rfd1 Nb6 13. Ne5 Nfd7 14. Nxd7 Bxd7 15. Ne2 Bxd2 16. Rxd2 Nd5 17. Nc1 Rac8 18. Nb3 b6 19. Rc1 Rc7 20. a3 Rfc8 21. Rdc2 Ne7 22. Nd2 Be6 23. b4 Kf8 24. Ba6 Rd8 25. Nf3 f6 26. Ne1 f4 27. Be2 fxe3 28. fxe3 Bf5 29. Bd3 Bxd3 30. Nxd3 Rd6 31. b5 Ke8 32. Nb4 Kd7 33. bxc6+ Ke6 34. Kf2 a5 35. Nd3 Rdxc6 36. Rxc6+ Rxc6 37. Rb1 Kd6 38. e4 Kc7 39. Rb3 a4 40. Rb2 Rc3 41. Nf4 Rxa3 42. Ne6+ Kb7 43. d5 Rb3 44. Rd2 a3 45. d6 Nc6 46. Rd1 Rb2+ 47. Ke3 a2 0-1

[Event "Turkey Cup 2019"]
[Site "Belek"]
[Date "2019.02.02"]
[Round "10.87"]
[White "Kisadere, Kutay"]
[Black "Bayram, Irem Inci"]
[Result "1/2-1/2"]
[WhiteElo "1809"]
[BlackElo "1525"]
[Annotator "NA RC"]
[PlyCount "61"]
[EventDate "2019.01.27"]
[EventType "swiss"]
[EventCountry "TUR"]
[SourceTitle "playchess.com"]
[Source "ChessBase"]
[SourceQuality "1"]

1. c4 c6 2. Nf3 d5 3. e3 Nf6 4. b3 e6 5. Bb2 Be7 6. Be2 Nbd7 7. O-O O-O 8. d3 b6 9. Nbd2 Bb7 10. e4 Rc8 11. Re1 Qc7 12. Bf1 Rfd8 13. Rc1 dxe4 14. dxe4 c5 15. Qc2 Nf8 16. e5 Ng4 17. Ne4 Ng6 18. Qc3 Bxe4 19. Rxe4 Nh6 20. Qc2 Rd7 21. h4 Qd8 22. h5 Nh4 23. Nxh4 Bxh4 24. Bc3 Bg5 25. Rb1 Bd2 26. Bb2 Qg5 27. Be2 Rcd8 28. Rd1 Bf4 29. Rxd7 Rxd7 30. g3 Bxg3 31. Kf1 1/2-1/2

[Event "Turkey Cup 2019"]
[Site "Belek"]
[Date "2019.02.02"]
[Round "10.88"]
[White "Kizilkus, Tanju"]
[Black "Lale, Omer Faruk"]
[Result "0-1"]
[WhiteElo "1585"]
[BlackElo "1829"]
[Annotator "NA RC"]
[PlyCount "78"]
[EventDate "2019.01.27"]
[EventType "swiss"]
[EventCountry "TUR"]
[SourceTitle "playchess.com"]
[Source "ChessBase"]
[SourceQuality "1"]

1. d4 Nf6 2. c4 e6 3. Nc3 Bb4 4. Nf3 c5 5. d5 exd5 6. cxd5 d6 7. a3 Bxc3+ 8. bxc3 O-O 9. e3 Bg4 10. Be2 Nbd7 11. O-O Re8 12. c4 Qe7 13. Rb1 b6 14. Bb2 Qe4 15. Nd2 Qg6 16. Bxg4 Nxg4 17. e4 Ngf6 18. f3 Nh5 19. f4 Nhf6 20. Qf3 Nxe4 21. Nxe4 Rxe4 22. Qh3 f5 23. Rf3 Qg4 24. Rg3 Qxh3 25. Rxg7+ Kf8 26. gxh3 Re7 27. Rg5 Rf7 28. Re1 b5 29. Re6 bxc4 30. Rxd6 Re8 31. Kf2 Re4 32. Kf3 Re1 33. Re6 Rb1 34. Be5 Rb3+ 35. Ke2 Nxe5 36. fxe5 f4 37. Rg1 f3+ 38. Kf2 Rb2+ 39. Ke3 Re2# 0-1

[Event "Turkey Cup 2019"]
[Site "Belek"]
[Date "2019.02.02"]
[Round "10.89"]
[White "Oz, Dindar"]
[Black "Kazik, Oguz Kagan"]
[Result "0-1"]
[WhiteElo "1644"]
[BlackElo "1771"]
[Annotator "NA RC"]
[PlyCount "56"]
[EventDate "2019.01.27"]
[EventType "swiss"]
[EventCountry "TUR"]
[SourceTitle "playchess.com"]
[Source "ChessBase"]
[SourceQuality "1"]

1. d4 Nf6 2. c4 e6 3. Nc3 Bb4 4. Qc2 d6 5. a3 Bxc3+ 6. Qxc3 Ne4 7. Qc2 f5 8. Nh3 O-O 9. f3 Nf6 10. e3 Nc6 11. Be2 e5 12. dxe5 dxe5 13. O-O a5 14. b3 Qe7 15. Bb2 f4 16. exf4 Bxh3 17. fxe5 Qc5+ 18. Kh1 Bxg2+ 19. Kxg2 Nxe5 20. Rad1 Rae8 21. Kh1 Ng6 22. Bd3 Ne5 23. Bxh7+ Nxh7 24. Rd5 Qe3 25. Qg2 Nf6 26. Bc1 Qxb3 27. Bh6 Rf7 28. Rxa5 Nfg4 0-1

[Event "Turkey Cup 2019"]
[Site "Belek"]
[Date "2019.02.02"]
[Round "10.90"]
[White "Kiray, Tuncer Efe"]
[Black "Ceylan, Sezer"]
[Result "0-1"]
[WhiteElo "1556"]
[BlackElo "1689"]
[Annotator "NA RC"]
[PlyCount "152"]
[EventDate "2019.01.27"]
[EventType "swiss"]
[EventCountry "TUR"]
[SourceTitle "playchess.com"]
[Source "ChessBase"]
[SourceQuality "1"]

1. e4 b6 2. d4 Bb7 3. Nc3 e6 4. Bd3 Nf6 5. Nf3 Be7 6. e5 Nd5 7. Nxd5 Bxd5 8. O-O d6 9. c3 Nd7 10. Bf4 dxe5 11. Nxe5 Nxe5 12. Bxe5 Bd6 13. f4 Bxe5 14. fxe5 Qg5 15. Qe2 O-O 16. Rf2 Rac8 17. c4 Bb7 18. Be4 Bxe4 19. Qxe4 c6 20. Raf1 Rc7 21. Rf4 Qg6 22. Qf3 Qc2 23. d5 cxd5 24. cxd5 Qc5+ 25. Kh1 Qxd5 26. Qxd5 exd5 27. Rd4 Rd8 28. Kg1 Rc4 29. Rfd1 Rxd4 30. Rxd4 Kf8 31. Kf2 Ke7 32. Ra4 Rd7 33. Ke3 Ke6 34. Kd4 Rc7 35. b3 a5 36. a3 Rc2 37. g3 Rd2+ 38. Ke3 Rb2 39. b4 axb4 40. axb4 Kxe5 41. Ra7 Ke6 42. Ra4 b5 43. Ra6+ Ke5 44. Ra7 Kf6 45. Kd4 Rxb4+ 46. Kxd5 Rb2 47. Rb7 Rxh2 48. Rb6+ Kg5 49. Rxb5 Kg4 50. Rb7 Rf2 51. Ke4 Kxg3 52. Rb3+ Kg4 53. Rb1 Re2+ 54. Kd3 Rg2 55. Ke3 f5 56. Rb4+ Kg5 57. Kf3 Rg4 58. Rb7 Kh6 59. Rb5 g6 60. Rb7 Rh4 61. Kg3 Kg5 62. Rb5 Ra4 63. Rc5 h5 64. Rb5 h4+ 65. Kh3 Ra3+ 66. Kh2 Kg4 67. Rb4+ f4 68. Rb2 g5 69. Rc2 Ra4 70. Rg2+ Kf5 71. Rb2 f3 72. Kg1 g4 73. Kf1 g3 74. Rb1 Kf4 75. Kg1 h3 76. Kh1 Re4 0-1

[Event "Turkey Cup 2019"]
[Site "Belek"]
[Date "2019.02.02"]
[Round "10.91"]
[White "Baspinar, Mehmet"]
[Black "Ustaoglu, Baran"]
[Result "1-0"]
[WhiteElo "1558"]
[BlackElo "1194"]
[Annotator "NA RC"]
[PlyCount "51"]
[EventDate "2019.01.27"]
[EventType "swiss"]
[EventCountry "TUR"]
[SourceTitle "playchess.com"]
[Source "ChessBase"]
[SourceQuality "1"]

1. d4 d5 2. Nf3 Nf6 3. Bf4 e6 4. e3 Bd6 5. Bg3 O-O 6. Nbd2 c5 7. c3 Nc6 8. Bd3 Re8 9. Ne5 Qc7 10. f4 h6 11. O-O a6 12. Bh4 Be7 13. g4 Nd7 14. g5 Ncxe5 15. fxe5 Nf8 16. Qg4 hxg5 17. Bxg5 Bxg5 18. Qxg5 Qe7 19. Qg4 Bd7 20. Rf3 Ng6 21. Rh3 Bb5 22. Qh5 Qd7 23. Bxg6 fxg6 24. Qh8+ Kf7 25. Rf3+ Ke7 26. Qh4+ 1-0

[Event "Turkey Cup 2019"]
[Site "Belek"]
[Date "2019.02.02"]
[Round "10.93"]
[White "Pulat, Gulce"]
[Black "Araboga, Mesut"]
[Result "1-0"]
[WhiteElo "1554"]
[BlackElo "1697"]
[Annotator "NA RC"]
[PlyCount "127"]
[EventDate "2019.01.27"]
[EventType "swiss"]
[EventCountry "TUR"]
[SourceTitle "playchess.com"]
[Source "ChessBase"]
[SourceQuality "1"]

1. e4 e5 2. Nf3 Nc6 3. Bb5 Nf6 4. O-O Nxe4 5. Re1 Nd6 6. Nxe5 Nxe5 7. Rxe5+ Be7 8. Bf1 O-O 9. d4 b6 10. c3 Bf6 11. Re1 Bb7 12. Bf4 Ne4 13. Nd2 Nxd2 14. Qxd2 d6 15. d5 Qd7 16. a4 Qf5 17. c4 Rfe8 18. Bd3 Qh5 19. Be2 Qf5 20. Bd3 Qh5 21. Be2 Qf5 22. Bd3 Qd7 23. Bg5 Be5 24. Bf4 Re7 25. Bxe5 dxe5 26. Qg5 Qd6 27. Ra3 Rae8 28. Be4 Qb4 29. Rae3 Qxc4 30. Bxh7+ Kxh7 31. Qh5+ Kg8 32. Rh3 f5 33. Qh7+ Kf8 34. Qxf5+ Kg8 35. Qh7+ Kf8 36. Rf3+ Rf7 37. Qh8+ Ke7 38. Rxe5+ Kd6 39. Qxe8 Bxd5 40. Rxf7 Bxf7 41. Qe7+ Kc6 42. Re1 Bd5 43. Qg5 Qxa4 44. Rc1+ Bc4 45. Qxg7 Kb7 46. Qc3 b5 47. h4 c6 48. h5 Bd5 49. h6 Qg4 50. Qg7+ Qxg7 51. hxg7 a5 52. Rd1 Bb3 53. Rd8 a4 54. g8=Q Bxg8 55. Rxg8 b4 56. Kf1 c5 57. Rg3 Kc6 58. Ke2 c4 59. Kd2 Kc5 60. Kc2 Kd4 61. Rg4+ Kd5 62. f4 c3 63. bxc3 b3+ 64. Kb2 1-0

[Event "Turkey Cup 2019"]
[Site "Belek"]
[Date "2019.02.02"]
[Round "10.94"]
[White "Ulupinar, Furkan"]
[Black "Odabasi, Nail"]
[Result "0-1"]
[WhiteElo "1578"]
[BlackElo "1525"]
[Annotator "NA RC"]
[PlyCount "116"]
[EventDate "2019.01.27"]
[EventType "swiss"]
[EventCountry "TUR"]
[SourceTitle "playchess.com"]
[Source "ChessBase"]
[SourceQuality "1"]

1. c4 e5 2. Nc3 Nc6 3. g3 f5 4. d3 Nf6 5. Bg2 Bb4 6. a3 Bxc3+ 7. bxc3 O-O 8. e3 d6 9. Rb1 e4 10. d4 b6 11. Bf1 Na5 12. h4 Be6 13. Nh3 Bxc4 14. Bxc4+ Nxc4 15. Qb3 d5 16. Nf4 Qd7 17. a4 c6 18. O-O Qf7 19. Kg2 Nh5 20. Nh3 h6 21. Rh1 Qg6 22. Qd1 a6 23. Ra1 a5 24. Ba3 Rf7 25. Bc1 Qg4 26. Rg1 Raf8 27. Kh2 Rb8 28. Ba3 Qxd1 29. Rgxd1 b5 30. axb5 cxb5 31. Bc5 b4 32. cxb4 axb4 33. Kg2 b3 34. Kf1 b2 35. Rab1 Rb3 36. Ke1 Rc3 37. Ng1 Rc2 38. Ne2 Rb7 39. Ng1 Rb3 40. Ne2 Kf7 41. Ng1 g5 42. hxg5 hxg5 43. Ne2 Kg6 44. Ng1 f4 45. Ne2 fxe3 46. fxe3 Nxe3 47. Rd2 Rxd2 48. Kxd2 Nc4+ 49. Kc2 Re3 50. Nc3 Nf6 51. Be7 Rxg3 52. Re1 g4 53. Bxf6 Rxc3+ 54. Kxc3 Kxf6 55. Rb1 Kg5 56. Kb4 e3 57. Kc5 e2 58. Kxd5 Nd2 0-1

[Event "Turkey Cup 2019"]
[Site "Belek"]
[Date "2019.02.02"]
[Round "10.95"]
[White "Durucay, Uygar"]
[Black "Ocakacan, Deniz"]
[Result "0-1"]
[WhiteElo "1410"]
[BlackElo "1679"]
[Annotator "NA RC"]
[PlyCount "70"]
[EventDate "2019.01.27"]
[EventType "swiss"]
[EventCountry "TUR"]
[SourceTitle "playchess.com"]
[Source "ChessBase"]
[SourceQuality "1"]

1. b3 c5 2. Bb2 Nc6 3. e3 a6 4. a4 e5 5. Ne2 d5 6. g3 Bg4 7. Bg2 Qd7 8. h3 Be6 9. d4 cxd4 10. exd4 e4 11. Nf4 Bb4+ 12. c3 Bd6 13. Nxe6 fxe6 14. Ba3 Nge7 15. O-O Bxa3 16. Nxa3 O-O 17. Nc2 Nf5 18. Qg4 Na5 19. b4 Nc4 20. Na3 Nb2 21. a5 Rac8 22. Rac1 Nd3 23. Rc2 e3 24. f4 Qa4 25. Ra1 Qb3 26. Qe2 Rxc3 27. Rxc3 Qxc3 28. Qd1 Nxg3 29. Ra2 Nxf4 30. Nb1 Qc4 31. Ra3 e2 32. Qe1 Qxd4+ 33. Kh2 Nxg2 34. Kxg2 Rf1 35. Qxg3 Qg1# 0-1

[Event "Turkey Cup 2019"]
[Site "Belek"]
[Date "2019.02.02"]
[Round "10.96"]
[White "Pazarcioglu, Ilker"]
[Black "Esti, Kubra Selenay"]
[Result "1/2-1/2"]
[WhiteElo "1511"]
[BlackElo "1662"]
[Annotator "NA RC"]
[PlyCount "36"]
[EventDate "2019.01.27"]
[EventType "swiss"]
[EventCountry "TUR"]
[SourceTitle "playchess.com"]
[Source "ChessBase"]
[SourceQuality "1"]

1. e4 g6 2. Nc3 Bg7 3. g3 d6 4. Bg2 Nd7 5. Nge2 Ngf6 6. O-O O-O 7. d4 e5 8. h3 Re8 9. Be3 exd4 10. Nxd4 Nc5 11. Bg5 h6 12. Bxf6 Qxf6 13. Ndb5 Qd8 14. Re1 Bd7 15. Nd4 Qf6 16. Ndb5 Qd8 17. Nd4 Qf6 18. Ndb5 Qd8 1/2-1/2

[Event "Turkey Cup 2019"]
[Site "Belek"]
[Date "2019.02.03"]
[Round "11.1"]
[White "Koksal, Ege"]
[Black "Arat, Ufuk Sezen"]
[Result "1/2-1/2"]
[WhiteElo "2360"]
[BlackElo "2361"]
[Annotator "ChessBase"]
[PlyCount "24"]
[EventDate "2019.01.27"]
[EventType "swiss"]
[EventCountry "TUR"]
[SourceTitle "playchess.com"]
[Source "ChessBase"]
[SourceQuality "1"]

1. d4 d5 2. c4 c6 3. cxd5 cxd5 4. Nf3 Nc6 5. Nc3 Nf6 6. Bf4 Bf5 7. e3 e6 8. Bd3 Bxd3 9. Qxd3 Bd6 10. Bxd6 Qxd6 11. O-O O-O 12. Rfc1 Nd7 1/2-1/2

[Event "Turkey Cup 2019"]
[Site "Belek"]
[Date "2019.02.03"]
[Round "11.2"]
[White "Eren, Ataberk"]
[Black "Gokerkan, Cem Kaan"]
[Result "0-1"]
[WhiteElo "2171"]
[BlackElo "2420"]
[Annotator "TA"]
[PlyCount "104"]
[EventDate "2019.01.27"]
[EventType "swiss"]
[EventCountry "TUR"]
[SourceTitle "playchess.com"]
[Source "ChessBase"]
[SourceQuality "1"]

1. e4 c5 2. Nf3 d6 3. d4 cxd4 4. Nxd4 Nf6 5. Nc3 a6 6. Be2 e5 7. Nf3 Be7 8. Bg5 Be6 9. a4 Nbd7 10. O-O O-O 11. Nd2 Rc8 12. a5 Qc7 13. Re1 Rfd8 14. Nf1 Qc5 15. Ne3 Qb4 16. Qc1 h6 17. Ra4 Qc5 18. Bxf6 Nxf6 19. Bc4 Bf8 20. Rd1 Bd7 21. Ra3 Be7 22. Qb1 Ng4 23. b4 Qa7 24. Ncd5 Bh4 25. g3 Rxc4 26. gxh4 Rxe4 27. Nb6 Nxe3 28. Rxe3 Rxe3 29. fxe3 Be6 30. c4 Qb8 31. Qd3 Qc7 32. e4 Qe7 33. Qg3 Rf8 34. Rf1 f5 35. exf5 Rxf5 36. Rxf5 Bxf5 37. b5 Be6 38. bxa6 bxa6 39. c5 Qc7 40. cxd6 Qxd6 41. Qe3 Qd1+ 42. Kf2 Qc2+ 43. Kg3 Qf5 44. Kg2 Qg4+ 45. Kf1 e4 46. h5 Qf5+ 47. Kg2 Qxa5 48. Kg3 Qxh5 49. Qxe4 Qh3+ 50. Kf2 Qxh2+ 51. Kf1 Bh3+ 52. Ke1 Qg1+ 0-1

[Event "Turkey Cup 2019"]
[Site "Belek"]
[Date "2019.02.03"]
[Round "11.3"]
[White "Sevgi, Volkan"]
[Black "Kamer, Kayra"]
[Result "1/2-1/2"]
[WhiteElo "2292"]
[BlackElo "2417"]
[Annotator "NA"]
[PlyCount "110"]
[EventDate "2019.01.27"]
[EventType "swiss"]
[EventCountry "TUR"]
[SourceTitle "playchess.com"]
[Source "ChessBase"]
[SourceQuality "1"]

1. e4 c5 2. Nf3 e6 3. d4 cxd4 4. Nxd4 a6 5. Bd3 Qc7 6. O-O Nf6 7. Qe2 d6 8. c4 Be7 9. Nc3 O-O 10. Kh1 Nbd7 11. f4 b6 12. Bd2 Bb7 13. f5 Nc5 14. Bc2 a5 15. b3 Rfe8 16. a3 exf5 17. Nxf5 Bf8 18. Ng3 Qc8 19. Qf2 Qd7 20. Rae1 Ng4 21. Qg1 Ne5 22. a4 g6 23. Rd1 Bg7 24. Be1 Bc6 25. h3 Qe7 26. Nge2 Ned7 27. Qf2 Nf6 28. Ng3 h5 29. Qf4 Rad8 30. Bf2 Nfd7 31. Be1 Be5 32. Qf2 Nf6 33. Nd5 Bxd5 34. exd5 Rd7 35. Qf3 Nh7 36. Ne4 Ng5 37. Nxg5 Qxg5 38. Bf2 Rde7 39. Rde1 Bb2 40. Rxe7 Rxe7 41. Bg3 Be5 42. Bf2 f5 43. Re1 Qd2 44. Qe2 Qc3 45. Bh4 g5 46. Bf2 Bf6 47. Qd1 Rxe1+ 48. Bxe1 Qe5 49. Bf2 g4 50. Qe1 gxh3 51. gxh3 Qxe1+ 52. Bxe1 Kg7 53. Bf2 f4 54. Bxc5 bxc5 55. Kg2 Bd4 1/2-1/2

[Event "Turkey Cup 2019"]
[Site "Belek"]
[Date "2019.02.03"]
[Round "11.4"]
[White "Pektas, Yigit"]
[Black "Yilmazyerli, Mert"]
[Result "0-1"]
[WhiteElo "2019"]
[BlackElo "2436"]
[Annotator "TA"]
[PlyCount "106"]
[EventDate "2019.01.27"]
[EventType "swiss"]
[EventCountry "TUR"]
[SourceTitle "playchess.com"]
[Source "ChessBase"]
[SourceQuality "1"]

1. d4 Nf6 2. c4 e6 3. Nf3 b6 4. g3 Ba6 5. b3 b5 6. Bg2 bxc4 7. Ne5 Bb4+ 8. Bd2 cxb3 9. axb3 Bxd2+ 10. Qxd2 d5 11. O-O O-O 12. Rc1 Qd6 13. Rc6 Nxc6 14. Rxa6 Nxe5 15. Rxd6 cxd6 16. dxe5 dxe5 17. Qb2 e4 18. e3 a5 19. Bf1 Rfb8 20. Nc3 a4 21. b4 a3 22. Qb3 d4 23. exd4 Nd5 24. b5 Nxc3 25. Qxc3 Rc8 26. Qa1 a2 27. Kg2 Rc1 28. Qxc1 a1=Q 29. Qc6 Rb8 30. Qxe4 Qa8 31. Kf3 Kf8 32. Bc4 Qxe4+ 33. Kxe4 Rc8 34. Bd3 Rc3 35. h4 Ke7 36. Ke3 g6 37. Kd2 Rb3 38. Kc2 Ra3 39. Kd2 Kd6 40. Be4 f5 41. Bg2 Rb3 42. Bc6 f4 43. g4 Rb2+ 44. Ke1 Rb4 45. f3 Rxd4 46. g5 Rb4 47. Kf2 Rb2+ 48. Kg1 Ke5 49. Bd7 Kd5 50. Be8 Kd4 51. Bf7 Ke3 52. Bg8 Kxf3 53. Bxh7 Kg3 0-1

[Event "Turkey Cup 2019"]
[Site "Belek"]
[Date "2019.02.03"]
[Round "11.5"]
[White "Ozen, Bahadir"]
[Black "Kilic, Efe Mert"]
[Result "1/2-1/2"]
[WhiteElo "2349"]
[BlackElo "2241"]
[Annotator "ChessBase"]
[PlyCount "33"]
[EventDate "2019.01.27"]
[EventType "swiss"]
[EventCountry "TUR"]
[SourceTitle "playchess.com"]
[Source "ChessBase"]
[SourceQuality "1"]

1. e4 e5 2. Nf3 Nc6 3. Nc3 Nf6 4. d4 exd4 5. Nxd4 Bb4 6. Nxc6 bxc6 7. Bd3 d5 8. exd5 cxd5 9. O-O O-O 10. Bg5 c6 11. Qf3 h6 12. Bxf6 Qxf6 13. Qxf6 gxf6 14. Ne2 Bd6 15. Nd4 c5 16. Nf5 Bxf5 17. Bxf5 1/2-1/2

[Event "Turkey Cup 2019"]
[Site "Belek"]
[Date "2019.02.03"]
[Round "11.6"]
[White "Ozenir, Ekin Baris"]
[Black "Karaoglan, Doruk"]
[Result "0-1"]
[WhiteElo "2267"]
[BlackElo "2142"]
[Annotator "NA"]
[PlyCount "96"]
[EventDate "2019.01.27"]
[EventType "swiss"]
[EventCountry "TUR"]
[SourceTitle "playchess.com"]
[Source "ChessBase"]
[SourceQuality "1"]

1. d4 Nf6 2. Bg5 Ne4 3. Bf4 d5 4. e3 c5 5. Bd3 Nf6 6. c3 Qb6 7. Qc1 Nh5 8. Ne2 Nc6 9. Nd2 g6 10. h3 Bg7 11. Bh2 O-O 12. f4 Nf6 13. Ng3 Ne8 14. Nf3 Nd6 15. Bg1 c4 16. Bc2 f5 17. Nd2 Qc7 18. b3 b5 19. Ne2 a5 20. Bf2 Ba6 21. bxc4 bxc4 22. Bh4 e6 23. O-O Rfb8 24. Nf3 Rb6 25. Ne5 Rab8 26. Re1 Bc8 27. Ba4 Nxe5 28. fxe5 Nf7 29. Be8 Nh8 30. g4 Bd7 31. Bxd7 Qxd7 32. Nf4 Rb2 33. Qd1 h6 34. Bg3 Qe8 35. Kh1 g5 36. Nxd5 exd5 37. gxf5 R8b6 38. Qf3 Qc6 39. Rf1 Nf7 40. f6 Qe6 41. Qh5 Bf8 42. Bh2 Rd2 43. Qg6+ Kh8 44. Rf5 Rbb2 45. Bg1 Nd6 46. Rf3 Ne4 47. Qh5 Rg2 48. Rb1 Ng3+ 0-1

[Event "Turkey Cup 2019"]
[Site "Belek"]
[Date "2019.02.03"]
[Round "11.7"]
[White "Yuksel, Atilla Koksal"]
[Black "Tarlabasi, Emirhan"]
[Result "1-0"]
[WhiteElo "2236"]
[BlackElo "2264"]
[Annotator "NA"]
[PlyCount "57"]
[EventDate "2019.01.27"]
[EventType "swiss"]
[EventCountry "TUR"]
[SourceTitle "playchess.com"]
[Source "ChessBase"]
[SourceQuality "1"]

1. e4 e6 2. d4 d5 3. Nd2 a6 4. Ngf3 c5 5. exd5 exd5 6. dxc5 Bxc5 7. Nb3 Bb6 8. Be2 Nf6 9. O-O O-O 10. Bg5 h6 11. Bh4 g5 12. Bg3 Ne4 13. Bxb8 Rxb8 14. Nfd4 Bc7 15. g3 Qd6 16. Bf3 f5 17. Qd3 f4 18. Bg2 b5 19. f3 Nxg3 20. hxg3 fxg3 21. Rae1 Rb6 22. Re2 Bd8 23. Rfe1 Kg7 24. Re8 Bf6 25. Rxc8 Qf4 26. Rxf8 Kxf8 27. Ne6+ Rxe6 28. Rxe6 Be5 29. Bh3 1-0

[Event "Turkey Cup 2019"]
[Site "Belek"]
[Date "2019.02.03"]
[Round "11.8"]
[White "Ozsakallioglu, Okan"]
[Black "Olcum, Ahmet"]
[Result "1-0"]
[WhiteElo "2051"]
[BlackElo "2320"]
[Annotator "NA"]
[PlyCount "79"]
[EventDate "2019.01.27"]
[EventType "swiss"]
[EventCountry "TUR"]
[SourceTitle "playchess.com"]
[Source "ChessBase"]
[SourceQuality "1"]

1. e4 d6 2. d4 Nf6 3. Nc3 e5 4. Nf3 Nbd7 5. g4 d5 6. dxe5 Nxe4 7. Qxd5 Nxc3 8. bxc3 c6 9. Qd4 Bc5 10. Qf4 Qe7 11. Be3 Nb6 12. Bxc5 Qxc5 13. Qd4 Qxd4 14. Nxd4 Bxg4 15. Rg1 Bd7 16. Rxg7 Kf8 17. Rg3 Re8 18. f4 Nd5 19. Ne2 h5 20. c4 Nb4 21. O-O-O Bf5 22. Nd4 Bg4 23. Be2 c5 24. Bxg4 hxg4 25. a3 Na2+ 26. Kb2 cxd4 27. Rxd4 Rxh2 28. Kxa2 f5 29. exf6 Rxc2+ 30. Kb3 Rf2 31. Rxg4 Re3+ 32. Kb4 Rb2+ 33. Kc5 Rxa3 34. Kd6 Ra6+ 35. Ke5 Ra5+ 36. Rd5 Re2+ 37. Kf5 b6 38. Rh4 Rd2 39. Kg6 Rg2+ 40. Rg5 1-0

[Event "Turkey Cup 2019"]
[Site "Belek"]
[Date "2019.02.03"]
[Round "11.9"]
[White "Gunduz, Umut Erdem"]
[Black "Buke, Furkan"]
[Result "1-0"]
[WhiteElo "2255"]
[BlackElo "2044"]
[Annotator "NA"]
[PlyCount "51"]
[EventDate "2019.01.27"]
[EventType "swiss"]
[EventCountry "TUR"]
[SourceTitle "playchess.com"]
[Source "ChessBase"]
[SourceQuality "1"]

1. e4 c5 2. Nf3 d6 3. d4 cxd4 4. Nxd4 Nf6 5. f3 e6 6. c4 Be7 7. Nc3 O-O 8. Be3 Nc6 9. Nxc6 bxc6 10. e5 dxe5 11. Bd3 e4 12. Nxe4 Nxe4 13. Bxe4 Qa5+ 14. Bd2 Qc5 15. Qc2 f5 16. Bd3 Qe5+ 17. Be2 f4 18. O-O Bc5+ 19. Kh1 Qf6 20. Bd3 Qh4 21. Bc3 e5 22. Bxe5 Qh5 23. Qc3 Rf7 24. Be4 Bf5 25. Bxc6 Raf8 26. Bd5 1-0

[Event "Turkey Cup 2019"]
[Site "Belek"]
[Date "2019.02.03"]
[Round "11.10"]
[White "Dogan, Nazmi Can"]
[Black "Yaylali, Adnan Dogan"]
[Result "1-0"]
[WhiteElo "2244"]
[BlackElo "1927"]
[Annotator "NA"]
[PlyCount "73"]
[EventDate "2019.01.27"]
[EventType "swiss"]
[EventCountry "TUR"]
[SourceTitle "playchess.com"]
[Source "ChessBase"]
[SourceQuality "1"]

1. d4 Nf6 2. Nf3 g6 3. c4 Bg7 4. Nc3 O-O 5. e4 d6 6. h3 e5 7. d5 Na6 8. Be3 Nc5 9. Nd2 a5 10. g4 Ne8 11. Rg1 Bd7 12. Qc2 Qe7 13. O-O-O a4 14. a3 c6 15. Kb1 Nc7 16. h4 cxd5 17. exd5 N7a6 18. h5 f5 19. hxg6 f4 20. gxh7+ Kh8 21. Bxc5 Nxc5 22. Nce4 Rfc8 23. Nxc5 Rxc5 24. Ne4 Rcc8 25. Qd2 b5 26. cxb5 Rcb8 27. Qb4 Rb6 28. f3 Rab8 29. Rg2 Bxb5 30. Bxb5 Rxb5 31. Qxd6 Qb7 32. Rdd2 Qa7 33. Qe6 Qe3 34. Nd6 Rxb2+ 35. Rxb2 Rxb2+ 36. Rxb2 Qxa3 37. Qg8# 1-0